000 00470nam a22001937a 4500
003 MPLRDC
005 20220104123425.0
008 210129b ||||| |||| 00| 0 eng d
020 _a7-80536-248-3
082 _a955 CYSY v.4
100 _a吴允素
245 _a新潮构图
_c
250 _a一版一刷
260 _a
_b浙江摄影出版社
_c1994
300 _b
490 _a创意摄影丛书
650 _a摄影术之应用
942 _cBK
_o955 CYSY v.4
999 _c11317
_d11307